000 00672nam a2200205 a 4500
001 000031442
003 OSt
005 20240229073937.0
008 110622s1939 dr c r 000 | spa d
040 _aDO-SdBNP
_bspa
_cBNPHU
082 4 _a923.17293
_bT866O
100 1 _aOrtiz Álvarez, Horacio
_957843
245 1 3 _aEl condor bajo cielos de América /
_cHoracio Ortiz Álvarez.
260 _aCiudad Trujillo, República Dominicana :
_b[s.n.],
_c1939.
300 _a135 p. :
_bil., retr. ;
_c22 cm.
590 _aInventariado, 2018/ YL
600 1 0 _aTrujillo Molina, Rafael Leónidas,
_d 1891-1961
_976764
910 _aValidado. Control de calidad MFF
942 _2ddc
_cLF2
999 _c30934
_d30934